MARC details
| 000 -CABECERA |
| campo de control de longitud fija |
00941nam a2200217 a 4500 |
| 001 - NÚMERO DE CONTROL |
| campo de control |
000041638 |
| 005 - FECHA Y HORA DE LA ÚLTIMA TRANSACCIÓN |
| campo de control |
20201002035659.0 |
| 008 - DATOS DE LONGITUD FIJA--INFORMACIÓN GENERAL |
| campo de control de longitud fija |
131014s1996 sp ab 000 0 spa d |
| 020 ## - NÚMERO INTERNACIONAL ESTÁNDAR DEL LIBRO |
| Número Internacional Estándar del Libro |
8400076060 |
| 020 ## - NÚMERO INTERNACIONAL ESTÁNDAR DEL LIBRO |
| Número Internacional Estándar del Libro |
8400076060 |
| 040 ## - FUENTE DE LA CATALOGACIÓN |
| Centro catalogador/agencia de origen |
DO-SdBNP |
| Lengua de catalogación |
spa |
| Centro/agencia transcriptor |
BNPHU |
| 082 ## - NÚMERO DE LA CLASIFICACIÓN DECIMAL DEWEY |
| Número de clasificación |
xxx |
| Número de documento/Ítem |
S122e |
| 100 1# - ENTRADA PRINCIPAL--NOMBRE DE PERSONA |
| Nombre de persona |
Saco del Valle, Almudena Orejas |
| 9 (RLIN) |
68426 |
| 245 10 - MENCIÓN DE TÍTULO |
| Título |
Estructura social y territorio : |
| Resto del título |
el impacto romano en la cuenca noroccidental del Duero / |
| Mención de responsabilidad, etc. |
Almudena Orejas Saco del Valle. |
| 260 ## - PUBLICACIÓN, DISTRIBUCIÓN, ETC. |
| Lugar de publicación, distribución, etc. |
Madrid : |
| Nombre del editor, distribuidor, etc. |
Consejo Superior de Investigaciones Científicas, Centro de Estudios Históricos, Departamento de Historia Antigua y Arqueología, |
| Fecha de publicación, distribución, etc. |
1996. |
| 300 ## - DESCRIPCIÓN FÍSICA |
| Extensión |
255 p. : |
| Otras características físicas |
il., maps ; |
| Dimensiones |
29 cm. |
| 490 1# - MENCIÓN DE SERIE |
| Mención de serie |
Anejos de archivo español de arqueología |
| Designación de volumen o secuencia |
15 |
| 500 ## - NOTA GENERAL |
| Nota general |
Incluye referencias bibliográficas y notas al pie de las páginas. |
| 504 ## - NOTA DE BIBLIOGRAFÍA, ETC. |
| Nota de bibliografía, etc. |
Bibliografía: p. 225-251 |
| 830 #0 - PUNTO DE ACCESO ADICIONAL DE SERIE-TÍTULO UNIFORME |
| Título uniforme |
Anejos de archivo español de arqueología |
| Número de parte o sección de la obra |
15 |
| 9 (RLIN) |
68427 |